000 00622nam a2200241Ia 4500
001 22179
005 20240114000629.0
007 ta
008 060316s1915 a g b000 u 465 u
040 _aCotton College,Assam
041 _a465
082 _a821.91
_bM 38 Sa
100 _aMasefield, John .
245 0 _aSalt Water Ballads /
_cJohn Masefield.
_hTextual Documents
250 _a4th ed. /
260 _aLondon :
_bElkin Mathews ,
_c1915.
300 _a105p. :
_bill ;
_c17cm .
653 _aEnglish poetry
653 _aG-English
942 _2ddc
_cBK
999 _c22161
_d22161